[Event "Augsburg Afro op"]
[Site "Augsburg"]
[Date "2003.08.10"]
[Round "7"]
[White "Drexel, Christof"]
[Black "Martin, Michael"]
[Result "1/2-1/2"]
[WhiteElo "2101"]
[BlackElo "1821"]
[PlyCount "75"]
[EventDate "2003.08.06"]
[EventType "swiss"]
[EventRounds "7"]
[EventCountry "GER"]
[SourceTitle "EXT 2006"]
[Source "ChessBase"]
[SourceDate "2005.11.24"]
[SourceVersion "1"]
[SourceVersionDate "2005.11.24"]
[SourceQuality "1"]

1. e4 e6 2. d4 d5 3. Nc3 Nf6 4. Bd3 c5 5. exd5 exd5 6. Bg5 Be7 7. dxc5 0-0 8. Nge2 Bxc5 9. 0-0 Nc6 10. Nxd5 Qxd5 11. Bxf6 Qh5 12. Bc3 Bg4 13. Qd2 Rad8 14. Ng3 Qh4 15. Qf4 Bd6 16. Nf5 Bxf4 17. Nxh4 Bg5 18. Nf3 Be7 19. Rfe1 Bc5 20. Ne5 Nxe5 21. Rxe5 Bd4 22. Bxd4 Rxd4 23. Re7 Rd7 24. Rae1 Be6 25. Rxd7 Bxd7 26. Be4 Be6 27. b3 b6 28. Rd1 Rc8 29. c4 h6 30. f3 Kf8 31. Kf2 Ke7 32. g4 g5 33. Bd5 Rd8 34. Kg3 Bxd5 35. cxd5 Kd6 36. f4 Re8 37. fxg5 hxg5 38. Rf1 1/2-1/2

[Event "Augsburg Afro op"]
[Site "Augsburg"]
[Date "2003.08.07"]
[Round "2"]
[White "Monninger, Moritz Franz"]
[Black "Drexel, Christof"]
[Result "1-0"]
[WhiteElo "2038"]
[BlackElo "2101"]
[PlyCount "62"]
[EventDate "2003.08.06"]
[EventType "swiss"]
[EventRounds "7"]
[EventCountry "GER"]
[SourceTitle "EXT 2006"]
[Source "ChessBase"]
[SourceDate "2005.11.24"]
[SourceVersion "1"]
[SourceVersionDate "2005.11.24"]
[SourceQuality "1"]

1. d4 d5 2. c4 dxc4 3. Nf3 Nf6 4. e3 a6 5. Bxc4 b5 6. Bb3 e6 7. 0-0 Bb7 8. Qe2 Nbd7 9. a4 b4 10. Nbd2 c5 11. Nc4 Ne4 12. Nfe5 Nxe5 13. dxe5 Qh4 14. f3 Ng5 15. Nb6 Rd8 16. a5 Be7 17. Ba4+ Kf8 18. e4 Qh5 19. Nd7+ Kg8 20. Qf2 Qg6 21. Kh1 h5 22. Nxc5 Bxc5 23. Qxc5 h4 24. Qe7 Nxe4 25. fxe4 Qxe4 26. Qxd8+ Kh7 27. Qd2 Rc8 28. Rxf7 Kg8 29. Rf4 Rf8 30. Rxf8+ Kxf8 31. Qd8+ Kf7 1-0

[Event "Wattens op 15th"]
[Site "Wattens"]
[Date "2000.09.02"]
[Round "8"]
[White "Drexel, Christof"]
[Black "Schuart, Andreas"]
[Result "1-0"]
[WhiteElo "2114"]
[BlackElo "1763"]
[PlyCount "77"]
[EventDate "2000.08.26"]
[EventType "swiss"]
[EventRounds "9"]
[EventCountry "AUT"]
[SourceTitle "EXT 2001"]
[Source "ChessBase"]
[SourceDate "2000.11.22"]
[SourceVersion "1"]
[SourceVersionDate "2000.11.22"]
[SourceQuality "1"]

1. e4 Nf6 2. e5 Nd5 3. c4 Nb6 4. d4 d6 5. f4 dxe5 6. fxe5 Nc6 7. Be3 Bf5 8. Nc3 e6 9. Nf3 Be7 10. d5 exd5 11. cxd5 Nb4 12. Nd4 Bg6 13. Bb5+ c6 14. dxc6 bxc6 15. Nxc6 Qxd1+ 16. Rxd1 Nc2+ 17. Kf2 Nxe3 18. Nd4+ Kf8 19. Kxe3 a6 20. Be2 Bc5 21. Ne4 Nd5+ 22. Kf3 Bb6 23. h4 h5 24. Nb3 Ne7 25. Rd6 Bc7 26. Rxa6 Rxa6 27. Bxa6 Bxe4+ 28. Kxe4 Ng6 29. Rc1 Bd8 30. Nd4 Ne7 31. e6 Rh6 32. Rf1 f5+ 33. Kd3 Rf6 34. Bc4 Bb6 35. a4 Bxd4 36. Kxd4 Rg6 37. Rf2 Rg4+ 38. Kc5 Rxh4 39. a5 1-0

[Event "Wattens op 15th"]
[Site "Wattens"]
[Date "2000.08.30"]
[Round "5"]
[White "Steger, Gerhard"]
[Black "Drexel, Christof"]
[Result "1/2-1/2"]
[WhiteElo "1891"]
[BlackElo "2114"]
[PlyCount "79"]
[EventDate "2000.08.26"]
[EventType "swiss"]
[EventRounds "9"]
[EventCountry "AUT"]
[SourceTitle "EXT 2001"]
[Source "ChessBase"]
[SourceDate "2000.11.22"]
[SourceVersion "1"]
[SourceVersionDate "2000.11.22"]
[SourceQuality "1"]

1. e4 Nf6 2. Nc3 e5 3. f4 d5 4. fxe5 Nxe4 5. Nf3 c5 6. Qe2 Nxc3 7. dxc3 Be7 8. Bf4 Be6 9. 0-0-0 Nd7 10. h4 Qa5 11. a3 h6 12. Kb1 Rb8 13. Qb5 Qxb5 14. Bxb5 Rd8 15. Rhg1 a6 16. Be2 Nf8 17. Be3 Bg4 18. Rd2 Ne6 19. Rgd1 Nc7 20. g3 0-0 21. Ng1 Bxe2 22. Nxe2 g5 23. Nc1 Rfe8 24. Nd3 d4 25. cxd4 cxd4 26. Bf2 Bf8 27. hxg5 hxg5 28. Nb4 Bxb4 29. axb4 Rxe5 30. Bxd4 Red5 31. c4 R5d7 32. Bc3 Rxd2 33. Rxd2 Rxd2 34. Bxd2 f6 35. Kc2 Kf7 36. Kd3 Ke6 37. Kd4 Kd6 38. b3 Ne8 39. Be1 Nc7 40. g4 1/2-1/2

[Event "Wattens op 15th"]
[Site "Wattens"]
[Date "2000.08.28"]
[Round "3"]
[White "Sachsenhofer, Wolfgang"]
[Black "Drexel, Christof"]
[Result "0-1"]
[WhiteElo "1821"]
[BlackElo "2114"]
[PlyCount "80"]
[EventDate "2000.08.26"]
[EventType "swiss"]
[EventRounds "9"]
[EventCountry "AUT"]
[SourceTitle "EXT 2001"]
[Source "ChessBase"]
[SourceDate "2000.11.22"]
[SourceVersion "1"]
[SourceVersionDate "2000.11.22"]
[SourceQuality "1"]

1. e4 Nf6 2. Nc3 d5 3. exd5 Nxd5 4. d4 e6 5. Nf3 Nxc3 6. bxc3 c5 7. Bc4 cxd4 8. cxd4 Bb4+ 9. Bd2 Bxd2+ 10. Qxd2 0-0 11. 0-0 Bd7 12. Rfd1 Bc6 13. Qf4 Bxf3 14. Qxf3 Qc7 15. Bb3 Nd7 16. c4 Rac8 17. Rd2 Nb6 18. d5 Nxc4 19. Bxc4 Qxc4 20. dxe6 fxe6 21. Qb3 Qxb3 22. axb3 Rc3 23. f3 a6 24. b4 Rfc8 25. Rd7 R8c7 26. Rad1 R3c4 27. Rxc7 Rxc7 28. Rd4 Kf7 29. Kf2 Ke7 30. g4 Rc3 31. Kg3 b5 32. Kf4 Rc4 33. Rxc4 bxc4 34. Ke4 e5 35. f4 c3 36. Kd3 exf4 37. Kxc3 Kf6 38. Kd4 Kg5 39. h3 Kh4 40. Ke4 g5 0-1

[Event "Wattens op 14th"]
[Site "Wattens"]
[Date "1999.??.??"]
[Round "3"]
[White "Fritsch, Juergen"]
[Black "Drexel, Christof"]
[Result "1/2-1/2"]
[WhiteElo "1830"]
[BlackElo "2190"]
[PlyCount "114"]
[EventDate "1999.??.??"]
[EventType "swiss"]
[EventRounds "9"]
[EventCountry "AUT"]
[SourceTitle "EXT 2001"]
[Source "ChessBase"]
[SourceDate "2000.11.22"]
[SourceVersion "1"]
[SourceVersionDate "2000.11.22"]
[SourceQuality "1"]

1. d4 d5 2. Nf3 Nf6 3. Bf4 e6 4. e3 c5 5. Bxb8 Rxb8 6. c3 b5 7. a3 c4 8. Ne5 Bd7 9. Nd2 Bd6 10. Ndf3 a5 11. Be2 0-0 12. 0-0 Qb6 13. Qc2 Rb7 14. Rfb1 Qc7 15. b4 cxb3 16. Qxb3 Rfb8 17. Bd3 Be8 18. g3 Ne4 19. Rc1 Bxe5 20. dxe5 Nc5 21. Qd1 Nd7 22. a4 Nc5 23. axb5 Nxd3 24. Qxd3 Bxb5 25. Qd4 Ra8 26. Ra3 a4 27. Rca1 h6 28. Nd2 Rc8 29. f4 Qc5 30. Kf2 Rbc7 31. Qxc5 Rxc5 32. Ke1 Rxc3 33. Nf3 Rxa3 34. Rxa3 Rc1+ 35. Kd2 Rf1 36. Nd4 Rf2+ 37. Kc3 Be8 38. h3 Rg2 39. g4 Rg3 40. Kb4 Rxh3 41. f5 Rh4 42. fxe6 fxe6 43. Nxe6 Rxg4+ 44. Kc5 Bf7 45. Nf4 d4 46. e6 Be8 47. Nd5 Re4 48. Kd6 dxe3 49. Nxe3 Rb4 50. Nd5 Rb3 51. Ra1 Rd3 52. Ke7 Rxd5 53. Kxe8 Rd6 54. e7 Rd4 55. Rf1 g5 56. Rf8+ Kg7 57. Rf7+ Kg8 1/2-1/2

[Event "AUT-chT3 9798"]
[Site "Vorarlberg "]
[Date "1998.01.30"]
[Round "7"]
[White "Drexel, Christof"]
[Black "Plieger, Josef"]
[Result "1-0"]
[WhiteElo "2230"]
[BlackElo "2090"]
[PlyCount "77"]
[EventDate "1997.??.??"]
[EventType "team-tourn"]
[EventRounds "9"]
[EventCountry "AUT"]
[SourceTitle "EXT 1999"]
[Source "ChessBase"]
[SourceDate "1998.11.16"]
[SourceVersion "1"]
[SourceVersionDate "1998.11.16"]
[SourceQuality "1"]

1. e4 c6 2. Nc3 d5 3. exd5 cxd5 4. Nf3 Nf6 5. Bb5+ Nc6 6. 0-0 a6 7. Bxc6+ bxc6 8. d4 Bg4 9. Qd3 Bxf3 10. Qxf3 e6 11. Na4 Qa5 12. b3 c5 13. dxc5 Bxc5 14. Nxc5 Qxc5 15. c4 0-0 16. Bg5 Ne4 17. Be3 Qc6 18. cxd5 Qxd5 19. Rfd1 Qb7 20. Rd4 f5 21. Rad1 Qb5 22. Bc1 Qb6 23. Bb2 Rad8 24. Qf4 Rxd4 25. Bxd4 Qb8 26. Qe5 Qxe5 27. Bxe5 Ra8 28. f3 Nf6 29. Rd6 Kf7 30. Rb6 a5 31. a4 Ra7 32. Rb5 Nd5 33. Kf1 Nc7 34. Bxc7 Rxc7 35. Rxa5 Rb7 36. Rb5 Rxb5 37. axb5 Ke7 38. Ke2 f4 39. b4 1-0

[Event "AUT-chT3 9798"]
[Site "Vorarlberg "]
[Date "1998.01.09"]
[Round "6"]
[White "Kuemin, Simon"]
[Black "Drexel, Christof"]
[Result "1/2-1/2"]
[WhiteElo "2200"]
[BlackElo "2230"]
[PlyCount "88"]
[EventDate "1997.??.??"]
[EventType "team-tourn"]
[EventRounds "9"]
[EventCountry "AUT"]
[SourceTitle "EXT 1999"]
[Source "ChessBase"]
[SourceDate "1998.11.16"]
[SourceVersion "1"]
[SourceVersionDate "1998.11.16"]
[SourceQuality "1"]

1. d4 d5 2. Nf3 Nf6 3. c4 dxc4 4. e3 a6 5. Bxc4 b5 6. Bd3 Bb7 7. 0-0 e6 8. Qe2 Nbd7 9. Rd1 c5 10. dxc5 Bxc5 11. Nbd2 0-0 12. a3 Qe7 13. b4 Bb6 14. Bb2 e5 15. Ng5 Rac8 16. Nde4 h6 17. Nd6 hxg5 18. Nxb7 Rc6 19. Rac1 Rxc1 20. Rxc1 Rb8 21. Na5 Bxa5 22. bxa5 Nc5 23. Qc2 Nxd3 24. Qxd3 e4 25. Qc3 Rd8 26. g3 Qd7 27. Qc6 Qd2 28. Bxf6 gxf6 29. Rf1 Qxa5 30. Qxf6 Rd5 31. Rc1 Qd8 32. Qxd8+ Rxd8 33. Rc6 Ra8 34. Rb6 Kg7 35. Kg2 g4 36. h3 gxh3+ 37. Kxh3 Rh8+ 38. Kg2 Rh6 39. Rb7 Rc6 40. Ra7 Kf6 41. f4 exf3+ 42. Kxf3 Ke6 43. g4 f6 44. Ke2 Kd5 1/2-1/2

[Event "AUT-chT2W 9798"]
[Site "Austria"]
[Date "1998.??.??"]
[Round "11"]
[White "Drexel, Christof"]
[Black "Grundherr, Martin"]
[Result "0-1"]
[WhiteElo "2230"]
[BlackElo "2340"]
[PlyCount "66"]
[EventDate "1997.??.??"]
[EventType "team"]
[EventRounds "11"]
[EventCountry "AUT"]
[SourceTitle "EXT 1999"]
[Source "ChessBase"]
[SourceDate "1998.11.16"]
[SourceVersion "1"]
[SourceVersionDate "1998.11.16"]
[SourceQuality "1"]

1. e4 c6 2. d4 d5 3. exd5 cxd5 4. Nf3 Nf6 5. Bd3 Bg4 6. h3 Bh5 7. Nbd2 Nc6 8. c3 e6 9. 0-0 Bd6 10. Qe1 Qc7 11. Bb5 0-0 12. Bxc6 bxc6 13. Ne5 c5 14. g4 Bg6 15. Nxg6 hxg6 16. g5 Nh5 17. Nf3 Nf4 18. Bxf4 Bxf4 19. dxc5 Qxc5 20. h4 Rab8 21. Rb1 Rfe8 22. Kg2 e5 23. Qd1 Rbd8 24. Rh1 d4 25. cxd4 Qc6 26. Kg1 e4 27. Ne1 e3 28. f3 e2 29. Qc2 Qb6 30. h5 Qxd4+ 31. Kg2 Rd5 32. Rh4 Rxg5+ 33. Rg4 Rxh5 0-1

[Event "AUT-chT2W 9798"]
[Site "Austria"]
[Date "1998.??.??"]
[Round "9"]
[White "Micheli, Carlo"]
[Black "Drexel, Christof"]
[Result "1/2-1/2"]
[WhiteElo "2295"]
[BlackElo "2230"]
[PlyCount "150"]
[EventDate "1997.??.??"]
[EventType "team"]
[EventRounds "11"]
[EventCountry "AUT"]
[SourceTitle "EXT 1999"]
[Source "ChessBase"]
[SourceDate "1998.11.16"]
[SourceVersion "1"]
[SourceVersionDate "1998.11.16"]
[SourceQuality "1"]

1. e4 Nf6 2. e5 Nd5 3. d4 d6 4. Nf3 Bg4 5. Be2 e6 6. 0-0 Be7 7. c4 Nb6 8. Be3 0-0 9. Nbd2 Nc6 10. exd6 cxd6 11. Rc1 Bf5 12. Qb3 Bf6 13. Rfd1 Qe7 14. Nf1 Rfc8 15. h3 h6 16. Ng3 Bg6 17. d5 exd5 18. cxd5 Ne5 19. Nd4 Ned7 20. Rxc8+ Rxc8 21. Bg4 Bxd4 22. Rxd4 Rc7 23. Qd1 Nf6 24. Bf3 Nc4 25. Bc1 Ne5 26. Be2 Qd8 27. Rd2 Qc8 28. Qa4 a6 29. Qb4 Rc5 30. f4 Nxd5 31. Rxd5 Rxd5 32. fxe5 dxe5 33. Be3 Qd7 34. Kh2 Kh7 35. h4 f5 36. h5 Be8 37. Bg1 f4 38. Qe4+ Kh8 39. Nf5 Rd2 40. Bg4 Qd5 41. Qxd5 Rxd5 42. Bf3 Rd2 43. Bc5 Bc6 44. Bxc6 bxc6 45. Kh3 Rd5 46. Bf8 e4 47. Kg4 e3 48. Bxg7+ Kh7 49. Bc3 e2 50. Nh4 Rg5+ 51. Kxf4 Rxh5 52. Nf3 Rd5 53. Ke3 Kg6 54. Kxe2 c5 55. Bd2 h5 56. Be3 Kf5 57. Nd2 a5 58. b3 Kg4 59. Kf2 a4 60. bxa4 Rd3 61. Nb1 c4 62. Bd2 Rd7 63. a3 Rf7+ 64. Kg1 Rd7 65. Kh2 Rd3 66. Bb4 h4 67. a5 h3 68. gxh3+ Rxh3+ 69. Kg2 Rh6 70. Nc3 Kf4 71. Kf2 Rh2+ 72. Ke1 Ke3 73. Kd1 Kd3 74. Kc1 Rh1+ 75. Kb2 Rh2+ 1/2-1/2

[Event "AUT-chT3 9798"]
[Site "Vorarlberg "]
[Date "1997.12.05"]
[Round "5"]
[White "Drexel, Christof"]
[Black "Lutzenberger, Reimund"]
[Result "1/2-1/2"]
[WhiteElo "2035"]
[BlackElo "2255"]
[PlyCount "53"]
[EventDate "1997.??.??"]
[EventType "team-tourn"]
[EventRounds "9"]
[EventCountry "AUT"]
[SourceTitle "EXT 1999"]
[Source "ChessBase"]
[SourceDate "1998.11.16"]
[SourceVersion "1"]
[SourceVersionDate "1998.11.16"]
[SourceQuality "1"]

1. e4 e6 2. d4 d5 3. Nc3 Nf6 4. Bg5 Bb4 5. exd5 Qxd5 6. Bxf6 gxf6 7. Qd2 Qa5 8. Nge2 Bd7 9. Qf4 Be7 10. 0-0-0 Nc6 11. g3 Nb4 12. a3 Nd5 13. Nxd5 Qxd5 14. Rg1 0-0-0 15. Bg2 Qh5 16. Bf3 Qg5 17. Rge1 Bd6 18. Qxg5 fxg5 19. Bh5 e5 20. dxe5 Bxe5 21. f4 gxf4 22. Nxf4 f6 23. Bf7 Bg4 24. Rxd8+ Rxd8 25. Nd3 c6 26. Nxe5 fxe5 27. c3 1/2-1/2

[Event "AUT-chT2W 9798"]
[Site "Austria"]
[Date "1997.??.??"]
[Round "1"]
[White "Drexel, Christof"]
[Black "Sucher, Johannes"]
[Result "0-1"]
[WhiteElo "2230"]
[BlackElo "2125"]
[PlyCount "86"]
[EventDate "1997.??.??"]
[EventType "team"]
[EventRounds "11"]
[EventCountry "AUT"]
[SourceTitle "EXT 1999"]
[Source "ChessBase"]
[SourceDate "1998.11.16"]
[SourceVersion "1"]
[SourceVersionDate "1998.11.16"]
[SourceQuality "1"]

1. e4 d6 2. d4 Nf6 3. Nc3 c6 4. Be3 g6 5. a4 Bg7 6. h3 0-0 7. Nf3 Qa5 8. Bd2 Qc7 9. Bc4 Nbd7 10. 0-0 c5 11. Qe2 cxd4 12. Nxd4 a6 13. Be3 Nc5 14. Nd5 Nxd5 15. exd5 Bd7 16. a5 Rac8 17. c3 Ne4 18. Bd3 Nc5 19. Rfe1 e5 20. dxe6 fxe6 21. Bc2 e5 22. Nb3 Bb5 23. Qd2 Nxb3 24. Bxb3+ Kh8 25. Bb6 Qe7 26. Rad1 Rf6 27. Bd5 Bc6 28. c4 Qf8 29. b4 Bh6 30. Qd3 Qe8 31. Rb1 Bxd5 32. Qxd5 Qc6 33. Qxc6 Rxc6 34. Re4 Rf4 35. Rxf4 Bxf4 36. g3 Bd2 37. Rb2 Bc3 38. Rb3 Rxc4 39. Bd8 Bxb4 40. Be7 Kg8 41. Kf1 Kf7 42. Bxd6 Bxd6 43. Rxb7+ Rc7 0-1

[Event "AUT-chT 9596"]
[Site "Vorarlberg"]
[Date "1996.??.??"]
[Round "6"]
[White "Dellanoi, Guenter"]
[Black "Drexel, Christof"]
[Result "1-0"]
[WhiteElo "1880"]
[BlackElo "1920"]
[PlyCount "70"]
[EventDate "1995.??.??"]
[EventType "team"]
[EventRounds "9"]
[EventCountry "AUT"]
[SourceTitle "EXT 1999"]
[Source "ChessBase"]
[SourceDate "1998.11.16"]
[SourceVersion "1"]
[SourceVersionDate "1998.11.16"]
[SourceQuality "1"]

1. d4 d5 2. c4 dxc4 3. e3 e5 4. Bxc4 exd4 5. exd4 Nf6 6. Nf3 Be7 7. 0-0 0-0 8. Qb3 Ne4 9. Qd3 Bf5 10. Qb3 Nd6 11. Bf4 Nc6 12. Bd5 Na5 13. Qc3 c6 14. Bxd6 Bxd6 15. Bxf7+ Rxf7 16. b4 Bxb1 17. Raxb1 Rxf3 18. Qxf3 Nc4 19. Qb3 b5 20. Rbd1 Qg5 21. g3 Qd5 22. Rfe1 Rf8 23. Rd3 Qf5 24. Re2 Bxb4 25. a4 a6 26. axb5 axb5 27. Rd1 Ba5 28. f4 Bb6 29. Re5 Qf7 30. Re2 Qd5 31. Qd3 Rd8 32. Re4 Nb2 33. Re5 Nxd3 34. Rxd5 Rxd5 35. Rxd3 Rxd4 1-0

[Event "Liechtenstein op 13th"]
[Site "Liechtenstein"]
[Date "1995.??.??"]
[Round "?"]
[White "Drexel, Christof"]
[Black "Usachyi, Vladimir"]
[Result "0-1"]
[WhiteElo "2110"]
[BlackElo "2265"]
[PlyCount "36"]
[EventDate "1995.05.??"]
[EventType "swiss"]
[EventRounds "9"]
[EventCountry "LIE"]
[SourceTitle "EXT 1997"]
[Source "ChessBase"]
[SourceDate "1996.11.15"]
[SourceVersion "1"]
[SourceVersionDate "1996.11.15"]
[SourceQuality "1"]

1. d4 d5 2. g3 Nf6 3. Bg2 c6 4. Nc3 Bf5 5. Bg5 Nbd7 6. Nf3 h6 7. Bxf6 Nxf6 8. 0-0 e6 9. a3 Bd6 10. Re1 Qb6 11. Qd2 Qxb2 12. e4 Nxe4 13. Nxe4 Bxe4 14. Ng5 hxg5 15. Bxe4 Qb6 16. Bd3 Qd8 17. Qe2 Qf6 18. c3 Qh6 0-1

[Event "AUT-chT 9596"]
[Site "Vorarlberg"]
[Date "1995.??.??"]
[Round "5"]
[White "Wallis, Anton"]
[Black "Drexel, Christof"]
[Result "1/2-1/2"]
[WhiteElo "1985"]
[BlackElo "1910"]
[PlyCount "125"]
[EventDate "1995.??.??"]
[EventType "team"]
[EventRounds "9"]
[EventCountry "AUT"]
[SourceTitle "EXT 1999"]
[Source "ChessBase"]
[SourceDate "1998.11.16"]
[SourceVersion "1"]
[SourceVersionDate "1998.11.16"]
[SourceQuality "1"]

1. e4 Nc6 2. Nf3 Nf6 3. e5 Nd5 4. d4 d6 5. exd6 cxd6 6. c4 Nf6 7. Nc3 Bg4 8. Be2 g6 9. 0-0 Bg7 10. Be3 0-0 11. Qd2 d5 12. c5 Ne4 13. Qd1 Nxc3 14. bxc3 b6 15. cxb6 Qxb6 16. h3 Bxf3 17. Bxf3 e6 18. Bf4 Na5 19. Rb1 Qc6 20. Qd3 Rfc8 21. Rfc1 Qa4 22. Rb2 Rc4 23. Rbc2 Rac8 24. Bd1 Qa3 25. Qg3 R4c6 26. h4 Nc4 27. Rb1 Rb6 28. Rxb6 axb6 29. Be2 Qa4 30. Qd3 Qb5 31. Rc1 Ra8 32. Qc2 Ra3 33. Bd6 Ra4 34. Rb1 Qa6 35. Qb3 Bf8 36. Bxc4 dxc4 37. Qxb6 Bxd6 38. Qd8+ Kg7 39. Rb6 Qa5 40. Qxd6 Rxa2 41. Rb8 Qa3 42. Qe5+ Kh6 43. Rg8 Qc1+ 44. Kh2 Rxf2 45. Qg7+ Kh5 46. Qxh7+ Kg4 47. Rxg6+ fxg6 48. Qxg6+ Kxh4 49. Qg3+ Kh5 50. Qxf2 Qxc3 51. Qe2+ Kh4 52. Qe4+ Kg5 53. Qe5+ Kh4 54. g3+ Kg4 55. Qxe6+ Kg5 56. Qg8+ Kh5 57. d5 Qd2+ 58. Kh3 c3 59. Qg7 Qd3 60. Qf7+ Kh6 61. Qf4+ Kg6 62. d6 c2 63. Qg4+ 1/2-1/2